The manifold meanings of post-New Public Management'- a systematic literature review (Record no. 510218)

000 -LEADER
fixed length control field 01640nam a2200181 4500
008 - FIXED-LENGTH DATA ELEMENTS--GENERAL INFORMATION
fixed length control field 190807b ||||| |||| 00| 0 eng d
100 ## - MAIN ENTRY--PERSONAL NAME
Personal name Reiter, Renate
245 ## - TITLE STATEMENT
Title The manifold meanings of post-New Public Management'- a systematic literature review
260 ## - PUBLICATION, DISTRIBUTION, ETC. (IMPRINT)
Date of publication, distribution, etc 2019
300 ## - PHYSICAL DESCRIPTION
Extent p.11-27.
520 ## - SUMMARY, ETC.
Summary, etc For more than 30 years, New Public Management has been the most popular label for public sector reform. For more than 15 years, however, New Public Management has also been heavily criticized. There is a growing trend to consider New Public Management as ‘dead’ and claim the evolution of a new reform trend, called post-New Public Management. Like New Public Management, post-New Public Management is an umbrella term that is used to prescribe and/or describe different reform trends. The aim of this article is to give a state of the art of recent post-New Public Management literature by discerning the manifold meanings of this label. For this purpose, a systematic review of 84 articles published in peer-reviewed high-quality journals has been conducted. The article shows that, so far, the post-New Public Management idea has been very influential as an ‘ideational weapon’ to indicate a crisis of the New Public Management model. The use of the post-New Public Management idea as a blueprint for future reform, however, still needs further treatment. - Reproduced.
650 ## - SUBJECT ADDED ENTRY--TOPICAL TERM
Topical term or geographic name as entry element New public management
9 (RLIN) 7816
650 ## - SUBJECT ADDED ENTRY--TOPICAL TERM
Topical term or geographic name as entry element Public sector reform
9 (RLIN) 7817
700 ## - ADDED ENTRY--PERSONAL NAME
Personal name Klenk, Tanja
9 (RLIN) 7818
773 ## - HOST ITEM ENTRY
Main entry heading International Review of Administrative Sciences
906 ## - LOCAL DATA ELEMENT F, LDF (RLIN)
Subject DIP Public administration
942 ## - ADDED ENTRY ELEMENTS (KOHA)
Source of classification or shelving scheme
Item type Articles
Holdings
Withdrawn status Lost status Source of classification or shelving scheme Damaged status Not for loan Permanent location Current location Date acquired Serial Enumeration / chronology Barcode Date last seen Koha item type
          Indian Institute of Public Administration Indian Institute of Public Administration 2019-08-07 85(1), Mar, 2019: p.11-27. AR120171 2019-08-07 Articles

Powered by Koha